000 00683nam a2200277Ia 4500
005 20260320195815.0
008 008 262003s9999 xx 000 0 hin d
020 _a9788126726479
037 _aEBOOK
040 _aCRL
040 _bhin
040 _cCRL
041 _2hin
041 _ahin
084 _qCRL
100 _aपीयूष मिश्रा
_91132994
245 0 _aमेरे मंच की सरगम
250 _a5th
260 _bRajkamal
260 _c2014
300 _a192
856 _uhttps://ebook.indiaread.in/pdfs/mere_manch_ki_sargam_by_piyush_mishra.pdf
942 _cEBOOK
999 _c1716611
_d1716611